| 000 | 00355cam a22001337a 4500 | ||
|---|---|---|---|
| 008 | 180718b1981 xxu||||| |||| 00| 0 eng d | ||
| 082 | _aA99 C429 V59 | ||
| 100 | _aVerma, D.C. | ||
| 245 |
_aSir Chhotu Ram: life and times _cby D.C. Verma |
||
| 260 |
_aNew Delhi _bSterling _c1981 |
||
| 300 | _a220p. | ||
| 500 | _aRs.60.00 | ||
| 650 | _aChhotu Ram, 1881-1945 | ||
| 999 |
_c356256 _d356256 |
||